000 00797nam a22002177a 4500
003 AM-YeHGA
005 20250617153930.0
008 180313s xxu||||| |||| 00| 0 rus d
040 _aAM-YeHGA
041 1 _arus
_heng
245 0 0 _aЭлектронная микроскопия тонких кристаллов :
_bПер. с англ. /
_cП. Хирш, А. Хови, Р. Николсон и др. ; Под ред. Л.М. Утевского.
260 _aМосква :
_bМир,
_c1968.
300 _a574 с. :
_bил.
650 1 4 _aКристаллы
_xЭлектронная микроскопия
700 1 _aХирш, П.
700 1 _aХови, А.
700 1 _aНиколсон, Р.
700 1 _aУтевский, Л.М.
_eред.
_4edt
942 _2udc
_cBK
090 _c403171
999 _c400968
_d400968